| 000 | 00636nam a2200193 a 4500 | ||
|---|---|---|---|
| 001 | 000997338 | ||
| 003 | AM-YeHGA | ||
| 005 | 20250617150409.0 | ||
| 008 | 131219s1916 ru r 000 0 rus d | ||
| 040 | _aAM-YeHGA | ||
| 041 | 0 | _arus | |
| 100 | 1 | _aПоварнин, Сергей Иннокентьевич | |
| 245 | 1 | 0 |
_aЛогика : _bОбщее учение о доказательствах / _cС.И. Поаврнин |
| 260 |
_aПетроград : _bТип. акц.общ. типграфского дело,7 рота, 26, _c1916. |
||
| 300 | _a206 с | ||
| 650 | 1 | 4 | _aЛогика |
| 942 |
_2udc _cBK |
||
| 090 | _c331897 | ||
| 999 |
_c330139 _d330139 |
||